Nuevo Código Civil y Comercial de la Nación (Registro nro. 3452)

Detalles MARC
000 -LEADER
fixed length control field 03018 a2200325 4500
001 - CONTROL NUMBER
control field 41308
005 - DATE AND TIME OF LATEST TRANSACTION
control field 20260407155707.0
008 - FIXED-LENGTH DATA ELEMENTS--GENERAL INFORMATION
fixed length control field 260407a2015 arg spa d
003 - CONTROL NUMBER IDENTIFIER
control field AR-UNSa-BCEJYS
040 ## - CATALOGING SOURCE
Original cataloging agency AR-UNSa-BCEJYS
Language of cataloging spa
Transcribing agency AR-UNSa-BCEJYS
080 ## - UNIVERSAL DECIMAL CLASSIFICATION NUMBER
Universal Decimal Classification number 347.1/7(094.4)
Common auxiliary subdivision Código Civil y Comercial
041 ## - LANGUAGE CODE
Language code of text/sound track or separate title spa
100 1# - MAIN ENTRY--PERSONAL NAME
Personal name Romano, Elisa G.
245 10 - TITLE STATEMENT
Title Nuevo Código Civil y Comercial de la Nación
Name of part/section of a work Contratos en particular. Primera parte
264 #1 - PRODUCTION, PUBLICATION, DISTRIBUTION, MANUFACTURE, AND COPYRIGHT NOTICE
Place of production, publication, distribution, manufacture Buenos Aires :
Name of producer, publisher, distributor, manufacturer Erreius
Date of production, publication, distribution, manufacture, or copyright notice 2015
300 ## - PHYSICAL DESCRIPTION
Extent 107 p.
Dimensions 26 cm.
505 ## - FORMATTED CONTENTS NOTE
Formatted contents note Vol. I: 1. Las cláusulas que pueden ser agregadas al contrato de compraventa en el Código Civil y Comercial / Raúl Schiavino - 2. El contrato de permuta en el Código Civil y Comercial / Elisa G. Romano y Manuel J. Negrón Mansilla - 3. El contrato de suministro en el Código Civil y Comercial / Estela M. Ferreirós - 4. El contrato de locación en el Código Civil y Comercial / Bartolomé A. Orfila - 5. Régimen de contrato de leasing en el Código Civil y Comercial / Manuel A. Améndola - 6. El contrato de transporte en el Código Civil y Comercial / Ethel Humphreys - 7. El contrato de mandato en el Código Civil y Comercial / Elisa G. Romano y Manuel J. Negrón Mansilla - 8. El contrato de corretaje en el Código Civil y Comercial, la jurisprudencia de los tribunales comerciales y la legislación vigente en la materia / Angel M. González - 9. El contrato de depósito en el Código Civil y Comercial / Elisa G. Romano y Claudia I. Iglesias - 10. Algunas consideraciones en torno al contrato de medicina prepaga a la luz del Código Civil y Comercial / Paola A. Urbina - Vol. II: 1. Contratos bancarios con consumidores y usuarios en el Código Civil y Comercial / Carlos E. Tambusi - 2. La regulación de la cuenta corriente en el Código Civil y Comercial / Augusto H. Arduino - 3. El agente de comercio / Juan C. Fernández Madrid - 4. El contrato de concesión mercantil en el Código Civil y Comercial /Rodolfo G. Papa - 5. El contrato de mutuo en el Código y Comercial / Magdalena B. Giavarino - 6. La donación como contrato a la luz del Código Civil y Comercial / José A. Barbón Lacambra - 7. Algunas consideraciones en torno a la cesión de derechos y la cesión de la posición contractual en el Código Civil y Comercial / Silvia Pfarherr y Verónica S. Fernández - 8. El fideicomiso de garantía en el Código Civil y Comercial / Eduardo Barreira Delfino - 9. La constitución de la sociedad anónima unipersonal / Bernardo P. Carlino
590 ## - LOCAL NOTE (RLIN)
Local note niveau_biblio:m niveau_hierar:0
700 1# - ADDED ENTRY--PERSONAL NAME
Personal name Schiavino, Raúl
700 1# - ADDED ENTRY--PERSONAL NAME
Personal name Negrón Mansilla, Manuel J.
700 1# - ADDED ENTRY--PERSONAL NAME
Personal name Ferreirós, Estela M.
700 1# - ADDED ENTRY--PERSONAL NAME
Personal name Orfila, Bartolomé A.
700 1# - ADDED ENTRY--PERSONAL NAME
Personal name Améndola, Manuel Alejandro
700 1# - ADDED ENTRY--PERSONAL NAME
Personal name Humphreys, Ethel
700 1# - ADDED ENTRY--PERSONAL NAME
Personal name González, Angel M.
700 1# - ADDED ENTRY--PERSONAL NAME
Personal name Iglesias, Claudia I.
700 1# - ADDED ENTRY--PERSONAL NAME
Personal name Urbina, Paola A.
856 41 - ELECTRONIC LOCATION AND ACCESS
Uniform Resource Identifier <a href="https://biblioeco.unsa.edu.ar/pmb/images/libros/E00021.jpg">https://biblioeco.unsa.edu.ar/pmb/images/libros/E00021.jpg</a>
Link text Imagen de portada
Electronic format type image/jpeg
942 ## - ADDED ENTRY ELEMENTS (KOHA)
Koha item type
Existencias
Withdrawn status Lost status Damaged status Not for loan Home library Current library Shelving location Date acquired Total checkouts Full call number Barcode Date last seen Price effective from Koha item type
        Biblioteca Prof. Eusebio Cleto del Rey Biblioteca Prof. Eusebio Cleto del Rey   07/04/2026   E347.1/7(094.4) N964c/ER v.1 E00021 07/04/2026 07/04/2026 Libro
        Biblioteca Prof. Eusebio Cleto del Rey Biblioteca Prof. Eusebio Cleto del Rey   07/04/2026   E347.1/7(094.4) N964c/ER v.2 E00022 07/04/2026 07/04/2026 Libro